000 00613nam a2200193Ia 4500
005 20250508165318.0
008 008 250505s9999 xx 000 0 eng d
037 _aDissertations
040 _aFEDL
_beng
_cFEDL
041 _aeng
_2eng
084 _a371.102 4, KAP/DI
_qFEDL
100 _aKapoor Rekha Rani
_9779306
245 0 _aUnderstanding beginning teachers' classroom related problems and their ways of dealing with them
260 _c2013
300 _a264p.
546 _aM. Phil Dissertation (Delhi University)
942 _cDIS
_h371.102 4, KAP/DI
999 _c1394383
_d1394383